National Geographic picture Atlas of our world / (Record no. 10007)

MARC details
000 -LEADER
fixed length control field 00779nam a22002297a 4500
001 - CONTROL NUMBER
control field 10007
003 - CONTROL NUMBER IDENTIFIER
control field FISKH
005 - DATE AND TIME OF LATEST TRANSACTION
control field 20260326162219.0
008 - FIXED-LENGTH DATA ELEMENTS--GENERAL INFORMATION
fixed length control field 260326b cb ||||| |||| 00| 0 eng d
040 ## - CATALOGING SOURCE
Original cataloging agency FISKH
Language of cataloging eng
Transcribing agency FISKH
Modifying agency FISKH
050 ## - LIBRARY OF CONGRESS CALL NUMBER
Classification number G1021 .N4
082 ## - DEWEY DECIMAL CLASSIFICATION NUMBER
Classification number 912
100 ## - MAIN ENTRY--PERSONAL NAME
Personal name Dickinson , Mary B.
245 ## - TITLE STATEMENT
Title National Geographic picture Atlas of our world /
Statement of responsibility, etc. By Mary B. Dickinson
260 ## - PUBLICATION, DISTRIBUTION, ETC.
Place of publication, distribution, etc. Washington D.C . :
Name of publisher, distributor, etc. National Geographic Society ,
Date of publication, distribution, etc. 1990 .
300 ## - PHYSICAL DESCRIPTION
Extent 256 pages :
Other physical details color illustrations ;
Dimensions 27 cm .
520 ## - SUMMARY, ETC.
Summary, etc. Maps and text provide information on the geography, industries, and other vital facts of the countries of the world.
650 ## - SUBJECT ADDED ENTRY--TOPICAL TERM
Topical term or geographic name entry element Maps
Form subdivision Non-fiction
650 ## - SUBJECT ADDED ENTRY--TOPICAL TERM
Topical term or geographic name entry element Geography
Form subdivision Non-fiction
942 ## - ADDED ENTRY ELEMENTS (KOHA)
Source of classification or shelving scheme Dewey Decimal Classification
Koha item type Books
Suppress in OPAC No
Holdings
Withdrawn status Lost status Source of classification or shelving scheme Damaged status Not for loan Collection Home library Current library Shelving location Date acquired Total Checkouts Full call number Barcode Date last seen Price effective from Koha item type
    Dewey Decimal Classification     Non-Fiction Footprints International School Library Network Toul Tom Poung Campus Footprints International School Library Network Toul Tom Poung Campus TTP Secondary Non-Fiction Bookshelves 03/26/2026   DIC 912 G1021 .N4 2026-0378 03/26/2026 03/26/2026 Books